LEADER 01441nam a2200277 i 4500 001 000000229092 003 CaOOAMICUS 005 20140428000000.0 008 140428s1962 gw u000 u ger u 013 $a207994 040 $aSeMil$bita 100 1 $aNoth, Martin,$d<1902-1968>.$0(OLS)http://semarc/name/52 245 14$aDie Welt des Alten Testaments :$bEinführung in die Grenzgebiete der alttestamentlichen Wissenschaft /$cvon Martin Noth. 250 $a4., neubearbeitete Aufl. 260 $aBerlin :$bTöpelmann,$c1962. 300 $aXVI, 355 p., [1] c. di tav. ripieg. ;$c23 cm. 490 0 $aSammlung Töpelmann : die Theologie im Abriss 490 0 $aSammlung Töpelmann. Reihe 2, Hilfsbücher zum theologischen Studium ;$v3 650 4$aPalestina - Usi e costumi.$0(OLS)http://semarc/subject/8969 650 4$aPalestina - Geografia storica.$0(OLS)http://semarc/subject/4761 830 0$aSammlung Töpelmann : die Theologie im Abriss.$0(OLS)http://semarc/title/14320 830 0$aSammlung Töpelmann. Reihe 2, Hilfsbücher zum theologischen Studium ;$v3.$0(OLS)http://semarc/title/44033 850 $aSeMil 852 $aSeMil$W1$xVenegono$y1$m2Y II 17$j179438$B179438$CSeMilBibl$Z2$F190537 $81 996 $6245$aDie Welt des Alten Testaments :$bEinführung in die Grenzgebiete der alttestamentlichen Wissenschaft$9(OLS)http://semarc/title/327748 996 $6260$aBerlin :$bTöpelmann$9(OLS)http://semarc/publisher/30771 LEADER 01809nam a2200337 i 4500 001 000000109598 003 CaOOAMICUS 005 20021108000000.0 008 021108s1994 it u000 u ita u 013 $a82278 020 $a88-343-0811-5 040 $aSeMil$bita 100 1 $aGaiser, Konrad <1929-1988>.$0(OLS)http://semarc/name/16028 240 10$aPlatons ungerschriebene Lehre.$0(OLS)http://semarc/title/159142 245 13$aLa dottrina non scritta di Platone :$bstudi sulla fondazione sistematica e storica delle scienze nella scuola platonica /$cKonrad Gaiser ; presentazione di Giovanni Reale ; introduzione di Hans Krämer ; traduzione dal testo tedesco di Vincenzo Cicero. 260 $aMilano :$bVita e Pensiero,$c1994. 300 $aXVIII, 376 p. ;$c22 cm. 490 0 $aTemi metafisici e problemi del pensiero antico : studi e testi ;$v37 500 $aContiene : Bibliografia. - Fondo Card. C.M. Martini. 600 04$aPlatone .$0(OLS)http://semarc/subject/988 700 1 $aCicero, Vincenzo,$d<1962- >.$0(OLS)http://semarc/name/316 700 1 $aKrämer, Hans Joachim.$0(OLS)http://semarc/name/16027 700 1 $aReale, Giovanni,$d<1931-2014>.$0(OLS)http://semarc/name/74 830 0$aTemi metafisici e problemi del pensiero antico ;$v37.$0(OLS)http://semarc/title/109 850 $aSeMil 852 $aSeMil$W1$xVenegono$y1$m2R V 357$j65573$B65573$CSeMilBibl$Z2$F77139 $81 941 1 $a4 961 $aOmaggio: Martini Card. Carlo Maria 996 $6020$a88-343-0811-5$9(OLS)http://semarc/number/91023 996 $6245$aLa dottrina non scritta di Platone :$bstudi sulla fondazione sistematica e storica delle scienze nella scuola platonica$9(OLS)http://semarc/title/159141 996 $6260$aMilano :$bVita e Pensiero$9(OLS)http://semarc/publisher/29642